| 000 | 00363nam a2200157Ia 4500 | ||
|---|---|---|---|
| 003 | 0STCL | ||
| 008 | 150530s9999 xx 000 0 und d | ||
| 040 |
_aSTCL _cSTCL |
||
| 100 | _aGourgey, P.S. | ||
| 245 | _aIndian Naval Revolt of 1946 | ||
| 260 |
_bOrient Longman _c1998 |
||
| 546 | _aEnglish | ||
| 942 |
_2ddc _cBK |
||
| 999 |
_c71302 _d71302 |
||
| 005 | 20220125171451.0 | ||